| 000 | 03604nam a2200349 a 4500 | ||
|---|---|---|---|
| 003 | OSt | ||
| 005 | 20250923115746.0 | ||
| 007 | cr ||||||a|a|a | ||
| 008 | 250822s2025 mx a|||fom||| 001 0 spa d | ||
| 040 | _erda | ||
| 100 | 1 |
_aPanzo Quiahua, Martina _9190965 |
|
| 245 | 1 | 0 |
_aEtiología de gomosis en durazno (Prunus persica L.) en el municipio de casas grandes, Chihuahua, México / _cpor Martina Panzo Quiahua; director de tesis Santos Gerardo Leyva Mir; secretario Isabel Nativitas Lima; vocal Moises Camacho Tapia; suplente Calixto Leopoldo Carrillo Fonseca; suplente Candelario Santillan Ortega. |
| 264 | 1 |
_aChapingo, México : _bEl autor, _c2025. |
|
| 300 |
_a1 recurso en línea (47 páginas): _bcuadros, figuras. |
||
| 336 |
_2rdacontent _atexto _btxt |
||
| 337 |
_2rdamedia _acomputadora _bc |
||
| 338 |
_2rdacarrier _arecurso en línea _bcr |
||
| 502 |
_bIAEPA _cParasitología _d2025. _gLIC |
||
| 504 | _aIncluye referencias bibliográficas:45-47 páginas . | ||
| 520 | _aLa investigación se llevó a cabo debido a la importancia que tiene el cultivo de durazno en México. El objetivo fue identificar el hongo causante de la gomosis en durazno, en huertos del municipio de Casas Grandes, Chihuahua, México. Las muestras recolectadas se analizaron en el Laboratorio de Micología de la Universidad Autónoma Chapingo y se aislaron en medios de PDA para su identificación morfológica y molecular, además se realizaron pruebas de patogenicidad en ramas jóvenes. Se obtuvieron dos cepas, de cada cepa se fotografiaron 100 conidios a 40x para la identificación morfológica. Para la caracterización molecular se amplificó el ADN por medio de PCR y luego su secuenciación y el análisis bioinformático. En las pruebas de patogenicidad se observó la interacción del patógeno con su huésped; la cepa 1 provocó una necrosis marrón visible y daño evidente, mientras que la cepa 2 causó una necrosis marrón clara. En la identificación morfológica, la primera, del género Curvularia, presentó colonias gris verduzcas con márgenes blancos y conidios elipsoidales, de extremos redondos, paredes lisas y gruesas, con 2 o 3 septos y dimensiones entre 12.06–30.14 x 6.68–9.80 μm. La segunda cepa, correspondió al género Nothophoma, desarrolló micelio aéreo blanco en los márgenes y un centro color olivo oscuro; sus conidios eran ovalados, lisos y aseptados, con medidas de 3.97-8.68 x 2.63-4.97 μm. Para la identificación molecular, se amplificó el ADN por PCR y se secuenció la región 5.8S del RNA ribosomal (512 pb), mostrando una similitud del 99.8 % con Curvularia spicifera y 100 % de similitud con Nothophoma quercina, con la herramienta BLASTn del NCBI. Este estudio es el primer reporte de C. spicifera y N. quercina como agentes causales de la gomosis en durazno en México; sin reportes científicos publicados previos en el país sobre estos patógenos. | ||
| 650 | 4 |
_aCurvularia spicifera _xIdentificación _9191215 |
|
| 650 | 4 |
_aNothophoma quercina _xIdentificación _9191217 |
|
| 650 | 4 |
_aHongos fitopatógenos _xIdentificación _9131720 |
|
| 650 | 4 |
_aDurazno _xEnfermedades por hongos _934595 |
|
| 700 | 1 |
_aLeyva Mir, Santos Gerardo _966581 _edirector. |
|
| 700 | 1 |
_aNativitas Lima, Isabel _9129577 _esecretario. |
|
| 700 | 1 |
_aCamacho Tapia, Moises _917710 _evocal. |
|
| 700 | 1 |
_aCarrillo Fonseca, Calixto Leopoldo _919482 _esuplente. |
|
| 700 | 0 |
_aSantillán Ortega, Candelario _9102429 _esuplente. |
|
| 856 |
_uhttp://10.13.5.2/tesis/tl/1711971-8_PANZO_QUIAHUA_MARTINA.pdf _zDESCARGAR PDF |
||
| 942 |
_2Clasificación Universidad Autónoma Chapingo _cTD |
||
| 999 |
_c220845 _d220845 |
||